000 00472nam a2200169Ia 4500
003 OSt
005 20200820095413.0
008 190216s9999||||xx |||||||||||||| ||und||
020 _a9788121918817
040 _coclc
082 _a541.3
_bMAD/P
100 _aMadan, R L
_94067
245 0 _aPhysical Chemistry /
_cR L Madan ; G D Tuli
260 _bS Chand & Co,
_c2003.
_aNew Delhi:
300 _a623p
942 _cBK
_2ddc
_h541.3
_iMAD/P
_k541.3
_mMAD/P
999 _c3052
_d3052